O caráter nacional brasileiro : história de uma ideologia /
Guardado en:
| Hovedforfatter: | |
|---|---|
| Andre forfattere: | |
| Format: | Bog |
| Sprog: | Portuguese |
| Udgivet: |
São Paulo :
Editora UNESP,
2002.
|
| Udgivelse: | 5. edición revisada |
| Serier: | Ensaios
138 |
| Fag: | |
| Tags: |
Tilføj Tag
Ingen Tags, Vær først til at tagge denne postø!
|
MARC
| LEADER | 00000cam a2200000Ia 4500 | ||
|---|---|---|---|
| 001 | 4816693 | ||
| 005 | 20150601142515.0 | ||
| 008 | 031001s2002 bl b 000 0 por d | ||
| 020 | |a 8571394334 | ||
| 040 | |a ZQP |c ZQP |d NOC |b CRU CIICLA | ||
| 082 | |a 918.103 |b L533c5 | ||
| 090 | |a F2510 |b .L43 2002 | ||
| 100 | 1 | |a Leite, Dante Moreira | |
| 245 | 1 | 2 | |a O caráter nacional brasileiro : |b história de uma ideologia / |c Dante Moreira Leite ; organizador Rui Moreira Leite. |
| 250 | |a 5. edición revisada | ||
| 260 | |a São Paulo : |b Editora UNESP, |c 2002. | ||
| 300 | |a 343 páginas | ||
| 490 | 1 | |a Ensaios |v 138 | |
| 504 | |a Incluye referencias bibliográficas (páginas 437-450). | ||
| 650 | 1 | 4 | |a CARACTERISTICAS NACIONALES BRASILEÑAS |
| 700 | 1 | |a Leite, Rui Moreira. | |
| 942 | |2 ddc |c BK | ||
| 999 | |c 4231 |d 4231 | ||



